000 00622nam a2200217Ii 4500
001 8029
003 CO-ViMGA
008 241108s9999||||xx |||||||||||||| ||und||
020 _a9586010333
040 _aCO-ViMGA
_bspa
_erda
_cCO-ViMGA
041 0 _aspa
082 0 4 _a305 P153b
100 1 _aPastor Palacios Ramírez
_951105
245 1 0 _aBreves criticas al estado colombiano
264 1 _aBogotá, Colombia : Terce Mundo, 1985
300 _avolumen
336 _atext
_btxt
_2rdacontent
337 _aunmediated
_bn
_2rdamedia
338 _avolume
_bnc
_2rdacarrier
940 _aidficha_siabuc: 7851. -- ficha_no_siabuc:8029
999 _c45815
_d45815